Basic Farm Machinery (Record no. 12115)

MARC details
000 -LEADER
fixed length control field 00429nam a22001697a 4500
003 - CONTROL NUMBER IDENTIFIER
control field OSt
005 - DATE AND TIME OF LATEST TRANSACTION
control field 20211012162548.0
008 - FIXED-LENGTH DATA ELEMENTS--GENERAL INFORMATION
fixed length control field 211012b |||||||| |||| 00| 0 eng d
020 ## - INTERNATIONAL STANDARD BOOK NUMBER
International Standard Book Number 0 08 024912 4
040 ## - CATALOGING SOURCE
Transcribing agency Hawassa University
050 ## - LIBRARY OF CONGRESS CALL NUMBER
Classification number 631.3/SHI
Item number 6
082 ## - DEWEY DECIMAL CLASSIFICATION NUMBER
Edition number 3
Classification number 631.3/SHI
Item number 6
100 ## - MAIN ENTRY--PERSONAL NAME
Personal name Shippen,M.J.
9 (RLIN) 13007
245 ## - TITLE STATEMENT
Title Basic Farm Machinery
260 ## - PUBLICATION, DISTRIBUTION, ETC.
Place of publication, distribution, etc. New York
Name of publisher, distributor, etc. Pergamon Press
Date of publication, distribution, etc. 1980
942 ## - ADDED ENTRY ELEMENTS (KOHA)
Source of classification or shelving scheme Dewey Decimal Classification
Koha item type Books like text book referance book
Suppress in OPAC No
Holdings
Withdrawn status Lost status Source of classification or shelving scheme Damaged status Not for loan Home library Current library Date acquired Total Checkouts Full call number Barcode Date last seen Copy number Price effective from Koha item type
    Dewey Decimal Classification     College of Agriculture Library College of Agriculture Library 10/12/2021   631.3/SHI ALIB0003004 10/12/2021 1 10/12/2021 Books like text book referance book
    Dewey Decimal Classification     College of Agriculture Library College of Agriculture Library 10/12/2021   631.3/SHI ALIB0003005 10/12/2021 2 10/12/2021 Books like text book referance book
    Dewey Decimal Classification     College of Agriculture Library College of Agriculture Library 10/12/2021   631.3/SHI ALIB0003006 10/12/2021 3 10/12/2021 Books like text book referance book
    Dewey Decimal Classification     College of Agriculture Library College of Agriculture Library 10/12/2021   631.3/SHI ALIB0003007 10/12/2021 4 10/12/2021 Books like text book referance book
    Dewey Decimal Classification     College of Agriculture Library College of Agriculture Library 10/12/2021   631.3/SHI ALIB0003008 10/12/2021 5 10/12/2021 Books like text book referance book
    Dewey Decimal Classification     College of Agriculture Library College of Agriculture Library 10/12/2021   631.3/SHI ALIB0011972 10/12/2021 6 10/12/2021 Books like text book referance book